Акустическая эмиссия и деструкция пластически деформированного металла; Дефектоскопия; № 3

Podrobná bibliografie
Parent link:Дефектоскопия.— , 1965-.— 0130-3082
№ 3.— 2004.— С. 9-14
Hlavní autor: Березин А. В.
Další autoři: Козинкина А. И., Рыбакова Л. М.
Jazyk:ruština
Vydáno: 2004
Edice:Акустические методы
Témata:
Médium: MixedMaterials Kapitola
KOHA link:https://koha.lib.tpu.ru/cgi-bin/koha/opac-detail.pl?biblionumber=428562

MARC

LEADER 00000naa2a2200000 4500
001 428562
005 20231101074838.0
035 |a (RuTPU)RU\TPU\prd\88139 
035 |a RU\TPU\prd\29652 
090 |a 428562 
100 |a 20101015a2004 k y0rusy50 ca 
101 0 |a rus 
102 |a RU 
200 1 |a Акустическая эмиссия и деструкция пластически деформированного металла  |f А. В. Березин, А. И. Козинкина, Л. М. Рыбакова 
225 1 |a Акустические методы 
320 |a Библиогр.: 14 назв. 
461 1 |0 (RuTPU)RU\TPU\prd\151  |x 0130-3082  |t Дефектоскопия  |d 1965- 
463 1 |0 (RuTPU)RU\TPU\prd\88137  |t № 3  |v С. 9-14  |d 2004 
610 1 |a акустическая эмиссия 
610 1 |a деформация 
610 1 |a разрушение 
610 1 |a стальные образцы 
610 1 |a одноостное растяжение 
610 1 |a деструкция 
610 1 |a разрыхление 
610 1 |a предразрушающее состояние 
610 1 |a диагностика 
675 |a 539.4:620.179.16  |v 3 
700 1 |a Березин  |b А. В. 
701 1 |a Козинкина  |b А. И. 
701 1 |a Рыбакова  |b Л. М. 
801 1 |a RU  |b 63413507  |c 20041109  |g PSBO 
801 2 |a RU  |b 63413507  |c 20131221  |g RCR 
942 |c BK